Ekonomické aspekty vzniku a založenia podniku bakalárska práca

Na minha lista:
Detalhes bibliográficos
Autor principal: Pekárová, Michaela
Autor Corporativo: Fakulta podnikového manažmentu EU. Katedra podnikovohospodárska
Outros Autores: Bukovová, Sylvia, 1959-
Formato: Livro
Idioma:eslovaco
Publicado em: Bratislava 2018
Tags: Adicionar Tag
Sem tags, seja o primeiro a adicionar uma tag!

MARC

LEADER 00000nbm a2200000 4500
001 0244949
005 20181009112323.3
041 0 |a slo 
044 |a SK 
245 1 0 |a Ekonomické aspekty vzniku a založenia podniku  |b bakalárska práca  |c Michaela Pekárová ; školiteľ: Sylvia Bukovová 
264 1 |a Bratislava  |c 2018 
300 |a 47 s. 
100 1 |a Pekárová, Michaela 
700 1 |a Bukovová, Sylvia, 1959- 
710 2 |a Fakulta podnikového manažmentu EU. Katedra podnikovohospodárska